[Event "VIE-ch U07"]
[Site "Ho Chi Minh City"]
[Date "2014.07.13"]
[Round "1"]
[White "La, Quoc Truong"]
[Black "Nguyen, Anh Kiet"]
[Result "1-0"]
[WhiteElo "1363"]
[BlackElo "1392"]
[PlyCount "45"]
[EventDate "2014.07.13"]
[EventType "swiss"]
[EventRounds "9"]
[EventCountry "VIE"]
[SourceTitle "EXT 2016"]
[Source "ChessBase"]
[SourceDate "2015.10.08"]
[SourceVersion "1"]
[SourceVersionDate "2015.10.08"]
[SourceQuality "1"]

1. e4 e5 2. Nf3 Nc6 3. d4 f6 4. d5 Nce7 5. Bc4 d6 6. h3 Bd7 7. 0-0 Nc8 8. Nfd2 Nb6 9. f4 exf4 10. Rxf4 Be7 11. Nc3 Nxc4 12. Nxc4 Kf8 13. Ne3 Qe8 14. Nf5 Bxf5 15. exf5 g6 16. Qg4 Qc8 17. Rf3 Nh6 18. Bxh6+ Ke8 19. Re1 Kd8 20. Rfe3 Re8 21. Qe2 Qd7 22. Bf8 Rxf8 23. Rxe7 1-0